000 02532nam a2200445 c 4500
999 _c107476
_d107476
003 BLK
005 20210201155729.0
008 180409b bul|||||r ||||||| ||bul||
010 _aKNG00112764000
020 _a978-954-92467-6-6
040 _aBLK
041 _aBUL
_cBUL
072 7 _2bullib
_aН35
_xОбществено управление. Военни науки Н
080 _aОргани на обществения ред. Полиция. Обществена власт. Доброволни отреди. Държавна сигурност. Милиция. Дейност на полицията по вътрешно разузнаване
_b351.74
_x(497.2)(093.2)
_z351.74(497.2)(093.2)
080 _aМеждународни политически отношения. Световна политика. Международна политика. Дипломация
_b327
_x(437+497.2)
_z327(437+497.2)
139 _aБългария. Министерство на вътр. работи. Дирекция Държавна сигурност
_bБ 92
245 1 0 _aПражката пролет и Държавна сигурност
_bДокументален сб.
_cред. Георги Георгиев; ред. Трифон Трифонов.
246 1 1 _aThe Prague Spring and State Security
257 _aBGR
260 _bКомис. за разкриване на док. и за обявяване на ...
_c2011
_fСофия : печ. Воен. изд.
_aСофия
300 _a524 с.
_c30 см
380 _a3
490 _aИз архивите на ДС
_v7
_9205418
650 4 _aДържавна сигурност - България
_9254494
650 4 _aПражка пролет 1968
_9167498
651 4 _aБългария
_9241624
651 4 _aЧехословакия
_9287654
653 _aдържавна сигурност
653 _aвоенни действия
653 _aагентурно разузнаване
659 _aН
700 1 _aГеоргиев, Георги
_eред.
_gСтоянов, Георги Георгиев
_9363547
700 1 _aТрифонов, Трифон
_eред.
_9366273
710 1 _aБългария. Министерство на вътр. работи. Дирекция Държавна сигурност
_9292982
852 _aЦб ІІ 17268
856 4 _qpdf
856 4 _qpdf
942 _cKNG
_n0
_s1
944 _aCR
_c29.05.2012
_kСимона_Петрова
944 _aED
_c16.06.2014
999 _d107476